Statistiques concernant The Office - Personnages

Cliquez ici pour prendre le quiz!

Statistiques générales

  • Ce quiz a été pris 241 fois
  • Le résultat moyen est 13 sur 44

Statistiques - réponses

Réponse% Correct
Michael Scott
94%
Dwight Schrute
80%
Pam Beesly
80%
Jim Halpert
79%
Kelly Kapoor
57%
Andy Bernard
54%
Kevin Malone
52%
Oscar Martinez
52%
Stanley Hudson
48%
Ryan Howard
47%
Creed Bratton
46%
Meredith Palmer
45%
Phyllis Vance
45%
David Wallace
39%
Jan Levinson
39%
Angela Martin
38%
Bob Vance
37%
Toby Flenderson
37%
Karen Philippelli
34%
Robert California
34%
Holly Flax
32%
Roy Anderson
28%
Erin Hannon
25%
Darryl Philbin
24%
Mose Schrute
22%
Gabe Lewis
19%
Nellie Bertram
17%
Pete Miller
16%
Jo Bennett
11%
Carol Stills
10%
Clark Green
9%
Cathy Simms
8%
Todd Paker
8%
Charles Miner
7%
Val
6%
Deangelo Vickers
5%
Hank
5%
Helene Beesly
5%
Nate
3%
Robert Lipton
3%
Donna Newton
2%
Jessica
2%
Katy
2%
Nick l'informaticien
1%

Distribution des résultats

Percentile par nombre de réponses

% des personnes avec chaque résultat

Votre développement - résultats

Vous n’avez pas pris ce quiz